| 000 | 00624nam a22002057a 4500 | ||
|---|---|---|---|
| 003 | NUST | ||
| 005 | 20240125151857.0 | ||
| 008 | 190702b ||||| |||| 00| 0 eng d | ||
| 038 | _aMr. Zahoor | ||
| 082 | _a620.1 | ||
| 100 |
_aMasood, Kashif _916283 |
||
| 245 |
_aDesign and Analysis of Composite drive Shaft / _cKashif Masood |
||
| 260 |
_aIslamabad : _bSMME - NUST _c2016. |
||
| 300 |
_a62 p. : ill. ; _c30cm. |
||
| 500 | _aHardcover. | ||
| 650 |
_aMechanical Engineering - MS Thesis _916090 |
||
| 700 |
_aDr. Liaqat Ali _916199 |
||
| 856 | _uhttp://10.250.8.41:8080/xmlui/handle/123456789/35638 | ||
| 942 |
_2ddc _cTHE |
||
| 999 |
_c525417 _d525417 |
||